000 00522nam a22001817a 4500
003 SISC
005 20160308140014.0
008 130902t xxu||||| |||| 00| 0 eng d
020 _a0155978616
050 _aPE 1417
_b.W956 1975
082 _aHS 808
_bNi51 1975
245 _aWriting from experience /
_cedited by William Nichols
260 _aNew York :
_bHarcourt Brace Jovanovich, Inc,
_cc1975.
300 _a291 p. :
_c21 cm.
650 _aEnglish language
_xRhetoric
_916247
942 _2lcc
_cBK
999 _c10212
_d10212